LEADER 01019nas 2200313 a 450 001 9910892640703321 005 20260218111306.0 035 $a(CKB)954925570847 035 $a(CONSER)sn 91033476 035 $a(DE-599)ZDB1018120-9 035 $a(DE-599)3185036-4 035 $a(EXLCZ)99954925570847 100 $a19910928a198u9999 uy 101 0 $ager 200 10$aPerfusion $eDurchblutungsstörungen und Arteriosklerose in Klinik und Praxis 210 $aMu?nchen ;$aSan Francisco $cW. Zuckschwerdt 215 $a1 online resource 300 $aRefereed/Peer-reviewed 311 08$aPrint version: Perfusion (Munich, Germany) (DLC)sn 91033476 (OCoLC)24466686 0935-0020 531 $aPERFUSION KREISLAUFERKRANKUNGEN IN KLINIK UND PRAXIS 606 $aPerfusion$vPeriodicals 606 $aVascular Diseases$vPeriodicals 615 2$aPerfusion 615 2$aVascular Diseases 906 $aJOURNAL 912 $a9910892640703321 920 $aexl_impl conversion 996 $aPerfusion$92101821 997 $aUNINA